000 00405nam a2200157 4500
001 132367
003 ES-MaACL
005 20230906194148.0
007 t|
008 070214s1961 sp r ||||1| spa d
100 1 _aRomero, María.
_999342
245 1 0 _aSin agua el mar /
_cMaría Romero.
260 _aMadrid :
_bAgora,
_c1961.
300 _a57 p. ;
_c25 cm.
852 _aES-MaACL
_j2023-F-16
_bR.48612
999 _c132367
_d132367